मुहुर्तदीपचन्द्रिका (Record no. 995)

MARC details
000 -LEADER
fixed length control field 01240 a2200217 4500
005 - DATE AND TIME OF LATEST TRANSACTION
control field 2008090304504.0
008 - FIXED-LENGTH DATA ELEMENTS--GENERAL INFORMATION
fixed length control field 080903t xxu||||| |||| 00| 0 hin d
010 ## - LIBRARY OF CONGRESS CONTROL NUMBER
LC control number HIN-78915
020 ## - INTERNATIONAL STANDARD BOOK NUMBER
Terms of availability 200.00
International Standard Book Number 8190266950
035 ## - SYSTEM CONTROL NUMBER
System control number HN-51261
037 ## - SOURCE OF ACQUISITION
Source of stock number/acquisition D.B.Act / pub
082 ## - DEWEY DECIMAL CLASSIFICATION NUMBER
Classification number 133.5
100 ## - MAIN ENTRY--PERSONAL NAME
Personal name शर्मा, दीपचंद
245 ## - TITLE STATEMENT
Title मुहुर्तदीपचन्द्रिका
Remainder of title 77 वर्ष पुरानी संस्कृत भाषा की पाण्डुलिपि हिन्दी अनुवाद के साथ
Statement of responsibility, etc दीपचंद शर्मा
246 ## - VARYING FORM OF TITLE
Title proper/short title Muhurtdeep Chandrika
Remainder of title Deepchand Sharma
260 ## - PUBLICATION, DISTRIBUTION, ETC. (IMPRINT)
Place of publication, distribution, etc दिल्ली
Name of publisher, distributor, etc ज्ञानोदय
Date of publication, distribution, etc 2005
270 ## - ADDRESS
Address 1/6281,गली नं.3,पूर्वी रोहताश नगर,शाहदरा
City दिल्ली
Postal code 110032
Telephone number 27420386
300 ## - PHYSICAL DESCRIPTION
Extent 152पृ
Dimensions 22 सेमी (सजिल्द)
942 ## - ADDED ENTRY ELEMENTS (KOHA)
Institution code [OBSOLETE] dpl
Koha item type Hindi Books
Call number prefix 133.5 / शर्मादी
Source of classification or shelving scheme Dewey Decimal Classification
Classification part 133.5
Call number suffix शर्मादी
Holdings
Withdrawn status Lost status Damaged status Not for loan Collection code Home library Current library Date acquired Cost, normal purchase price Total Checkouts Full call number Barcode Date last seen Copy number Uniform Resource Identifier Cost, replacement price Price effective from Koha item type
      Not For Loan Non-fiction D.B.Act.Division D.B.Act.Division 03/09/2008 200.00   133.5 शर्मादी HN-51261 15/09/2008 1 1060 200.00 15/09/2008 Hindi Books

© Delhi Public Library
Hit Counter
free hit counter